El objeto litigioso en el proceso civil (Registro nro. 21707)

Detalles MARC
000 -Cabecera
Campo de control interno 00881nam a2200253Ia 4500
005 - Fecha y hora del registro
control field 20260420114958.0
008 - Elementos de Longitud Fija
fixed length control field 260320s9999||||xx |||||||||||||| ||und||
020 ## - ISBN
ISBN 9789564070605
041 ## - Idioma
Codigo Idioma ESP
082 ## - DEWEY y NOTACIÓN INTERNA
Dewey 345.7
Notación Interna S29
100 ## - AUTOR
Autor denominación Schwab, Karl Heinz,
Término de relación autor
245 #0 - TÍTULO DE MATERIAL BIBLIOGRÁFICO
Título El objeto litigioso en el proceso civil
250 ## - EDICIÓN
Edición Primera edición
260 ## - CIUDAD, EDITORIAL, AÑO
Ciudad Santiago :
Nombre de la Editorial Ediciones Olejnik,
Año 2025
300 ## - DESCRIPCIÓN
N° Páginas 243 páginas :
Dimensiones 24 cm.
440 ## - MENCIÓN DE SERIE
Título de la Serie (Biblioteca de derecho procesal)
650 ## - TEMAS
Temas Ciencias Sociales
653 ## - DESCRIPTORES
Lenguajes no controlado Derecho procesal civil
654 ## - PROGRAMAS
Programa
856 ## - URL - UBICACIÓN
URI/URL: Enlace exacto del recurso <a href="https://0u214x75q-y-https-app-vlex-com.itmsp.museknowledge.com/">https://0u214x75q-y-https-app-vlex-com.itmsp.museknowledge.com/</a>
Nota pública: Versión digital <a href="Véase además: Base de datos Vlex">Véase además: Base de datos Vlex</a>
856 ## - URL - UBICACIÓN
URI/URL: Enlace exacto del recurso <a href="https://0u21bx765-y-https-palestra-tirantonline-com.itmsp.museknowledge.com/base/per">https://0u21bx765-y-https-palestra-tirantonline-com.itmsp.museknowledge.com/base/per</a>
Nota pública: Versión digital <a href="Véase además: Base de datos Tirant Palestra">Véase además: Base de datos Tirant Palestra</a>
942 ## - ELEMENTOS DE KOHA
Tipo de documento Libro
Nombre del creador Justo Noguera
Código de catalogador Margarita Torres
Esquema de clasificación Dewey Decimal Classification
Existencias
Codigo completo Registro Colección Copia número Disponibilidad Tipo de préstamo Biblioteca Actual Procedencia (Biblioteca) Ubicacón Fecha Ingreso Tipo de Adquisición Observación Date last seen Total checkouts Price effective from Tipo de Item Estado del Material Fuente de Clasificación Damaged status Withdrawn status
345.7 S29 1085254 Universidad Católica San Pablo 1 Disponible Disponible Víctor Andrés Belaunde Víctor Andrés Belaunde Primer piso 10/03/2026 Compra Derecho 20/03/2026   20/03/2026 Libro Bueno Dewey Decimal Classification